[Event "Torneo Citta' di Milano A"]
[Site "Milano ITA"]
[Date "2007.05.19"]
[Round "3"]
[White "Franzini, Stefano"]
[Black "Ferraris, Fulvio"]
[Result "1-0"]
[WhiteElo "1640"]
[BlackElo "1739"]
[PlyCount "87"]
[EventDate "2007.05.18"]

1.d4 e6 2.Nf3 d5 3.Bf4 c5 4.e3 Nc6 5.c3 Qb6 6.Qc2 Bd7 7.Nbd2 Rc8 8.Qb3 
Qxb3 9.Nxb3 c4 10.Nbd2 b5 11.e4 a5 12.g3 b4 13.Bh3 Nf6 14.e5 Nh5 15.Be3 g6
16.O-O Ng7 17.g4 h5 18.Ng5 hxg4 19.Bxg4 Nf5 20.h3 Be7 21.Ndf3 Bxg5 22.Bxg5
Nce7 23.Bf6 Rg8 24.Kg2 Kd8 25.Ng5 Be8 26.a3 b3 27.Rh1 Kc7 28.h4 Nc6 29.
Rad1 Nb8 30.Kf3 Nd7 31.Nh7 Nxf6 32.Nxf6 Rg7 33.Bxf5 gxf5 34.Rdg1 Rg6 35.h5
Rh6 36.Rg7 Kb6 37.Rh7 Rxh7 38.Nxh7 f6 39.Nxf6 Bf7 40.h6 Rh8 41.h7 Bg6 42.
Kf4 Kc7 43.Kg5 Bf7 44.Kh6 1-0

[Event "Torneo Citta' di Milano A"]
[Site "Milano ITA"]
[Date "2007.05.19"]
[Round "3"]
[White "Margstahler, Francesco"]
[Black "Giannini, Mario"]
[Result "1/2-1/2"]
[WhiteElo "1684"]
[BlackElo "1780"]
[PlyCount "40"]
[EventDate "2007.05.18"]

1.e4 c5 2.c3 d5 3.exd5 Qxd5 4.d4 Nf6 5.Nf3 e6 6.Na3 a6 7.Nc2 Nc6 8.Be3 
cxd4 9.Ncxd4 Be7 10.Be2 O-O 11.O-O Ng4 12.Nxc6 bxc6 13.Bf4 Bb7 14.h3 Nf6 
15.Re1 Qf5 16.Qb3 Qxf4 17.Qxb7 Bd6 18.Qxc6 Rfc8 19.Qb7 Rcb8 20.Qc6 Rc8 
1/2-1/2

[Event "Torneo Citta' di Milano A"]
[Site "Milano ITA"]
[Date "2007.05.19"]
[Round "3"]
[White "Mariucci, Felice"]
[Black "Bosi, Gianfranco"]
[Result "1-0"]
[WhiteElo "1649"]
[BlackElo "1610"]
[PlyCount "133"]
[EventDate "2007.05.18"]

1.Nf3 Nf6 2.e3 d5 3.b3 c5 4.Bb2 e6 5.Bb5+ Bd7 6.Qe2 Be7 7.Ne5 O-O 8.O-O 
Bxb5 9.Qxb5 Qc7 10.f4 a6 11.Qe2 b5 12.d3 Nc6 13.Nd2 a5 14.Ndf3 a4 15.Qf2 
a3 16.Bc3 b4 17.Bd2 Nxe5 18.Nxe5 Nd7 19.Nf3 Nb6 20.c4 Bf6 21.Rac1 dxc4 22.
dxc4 Rad8 23.e4 Bb2 24.Rc2 Rd3 25.Be3 Nd7 26.e5 f6 27.Qe2 Rc3 28.Rd2 fxe5 
29.Ng5 Qc6 30.Rfd1 Rxe3 31.Qxe3 Bd4 32.Rxd4 cxd4 33.Qh3 h6 34.Qxe6+ Qxe6 
35.Nxe6 Rf6 36.Nc7 Rd6 37.Nd5 Re6 38.fxe5 Nxe5 39.Rxd4 Nc6 40.Rd2 Re4 41.
Kf2 Rd4 42.Rxd4 Nxd4 43.Nxb4 Kf8 44.Ke3 Nf5+ 45.Ke4 g6 46.Nc2 Ke7 47.Nxa3 
Kd6 48.g4 Ne7 49.b4 Nc6 50.c5+ Ke6 51.b5 Nb4 52.b6 Kd7 53.Nc4 Nxa2 54.Ne5+
Kc8 55.Nxg6 Nc3+ 56.Kd4 Nb5+ 57.Kd5 Kb7 58.h4 Nc3+ 59.Kc4 Ne4 60.Ne5 Nf6 
61.g5 hxg5 62.hxg5 Ng8 63.Kb5 Ne7 64.c6+ Kb8 65.Ka6 Kc8 66.Ka7 Nxc6+ 67.
Nxc6 1-0

[Event "Torneo Citta' di Milano A"]
[Site "Milano ITA"]
[Date "2007.05.19"]
[Round "3"]
[White "Martelli, Tommaso"]
[Black "Stips, Felix"]
[Result "0-1"]
[WhiteElo "1808"]
[BlackElo "2029"]
[PlyCount "78"]
[EventDate "2007.05.18"]

1.e4 c5 2.Nf3 d6 3.d4 cxd4 4.Nxd4 Nf6 5.Nc3 a6 6.Be2 e5 7.Nb3 Be7 8.Be3 
Be6 9.g4 h6 10.Nd5 Nxd5 11.exd5 Bc8 12.Qd2 Nd7 13.O-O-O Bg5 14.h4 Bxe3 15.
Qxe3 b6 16.g5 Bb7 17.Rdg1 Qe7 18.c4 Nc5 19.Nxc5 bxc5 20.gxh6 gxh6 21.Rg7 
O-O-O 22.Bh5 Rdf8 23.Qf3 Kd8 24.Rhg1 Qxh4 25.Qb3 Qf4+ 26.Kb1 Kc7 27.Qa4 
Qf5+ 28.Ka1 Qxh5 29.Qa5+ Kc8 30.R7g3 Qh4 31.Rb3 Qd8 32.Qa4 Qc7 33.Rbg3 h5 
34.Qc2 h4 35.Rg7 h3 36.Rh7 Rfg8 37.Qf5+ Qd7 38.Rxh8 Rxh8 39.Qf6 Rh7 0-1

[Event "Torneo Citta' di Milano A"]
[Site "Milano ITA"]
[Date "2007.05.19"]
[Round "3"]
[White "Patrucco, Carlo"]
[Black "Travaglini, Renzo"]
[Result "1-0"]
[WhiteElo "1685"]
[BlackElo "1616"]
[PlyCount "85"]
[EventDate "2007.05.18"]

1.e4 e6 2.d3 c5 3.Nd2 Nc6 4.g3 g6 5.Bg2 Bg7 6.Ngf3 Nge7 7.O-O O-O 8.Re1 d6
9.c3 b6 10.h4 Bb7 11.Nf1 h6 12.N1h2 Rb8 13.Ng4 h5 14.Ngh2 Bc8 15.g4 hxg4 
16.Nxg4 e5 17.Ne3 b5 18.Ng5 f6 19.Nh3 Qe8 20.Kh2 Nd8 21.Bf3 Bxh3 22.Kxh3 
Ne6 23.Qb3 Qf7 24.Nd5 Nxd5 25.Qxd5 Nf4+ 26.Bxf4 Qxd5 27.exd5 exf4 28.Re6 
Rbd8 29.Rg1 Kf7 30.Be4 f5 31.Rexg6 fxe4 32.Rxg7+ Ke8 33.dxe4 Rf7 34.h5 Ke7
35.Rxf7+ Kxf7 36.Rg6 a5 37.a3 b4 38.axb4 axb4 39.c4 Ke7 40.f3 Ra8 41.h6 
Rh8 42.Kg4 Rf8 43.Kg5 1-0

[Event "Torneo Citta' di Milano A"]
[Site "Milano ITA"]
[Date "2007.05.19"]
[Round "3"]
[White "Rossi, Giampiero"]
[Black "Astengo, Marcello"]
[Result "1-0"]
[WhiteElo "2010"]
[BlackElo "2061"]
[PlyCount "122"]
[EventDate "2007.05.18"]

1.d4 d5 2.c4 e6 3.Nc3 c6 4.e3 Nf6 5.Nf3 Nbd7 6.Qc2 Bd6 7.b3 O-O 8.Bb2 Re8 
9.Rd1 Qc7 10.Bd3 e5 11.cxd5 cxd5 12.Nb5 Bb4+ 13.Kf1 Qxc2 14.Bxc2 e4 15.Ne5
Rd8 16.a3 Be7 17.f3 exf3 18.gxf3 Nf8 19.Ke2 Be6 20.Rc1 Ne8 21.Bb1 f6 22.
Nd3 Bf5 23.Nc7 Rac8 24.Nxe8 Rxe8 25.b4 Nd7 26.Ba2 Nb6 27.Nf4 Rcd8 28.Nxd5 
Nxd5 29.e4 Be6 30.exd5 Bxd5 31.Bxd5+ Rxd5 32.Kd3 Bd6 33.h3 Rf5 34.Rhf1 Kf7
35.Rcd1 Rh5 36.Rh1 Bg3 37.Bc3 Bf2 38.Bd2 Rh4 39.f4 g5 40.Rdf1 Bxd4 41.Kxd4
f5 42.Kc3 Rc8+ 43.Kb2 Rd8 44.Bc1 gxf4 45.Rxf4 Rxf4 46.Bxf4 Rd3 47.h4 Rf3 
48.Bg5 Kg6 49.Rd1 f4 50.Rd6+ Kf5 51.Rf6+ Ke4 52.Re6+ Kd5 53.Re7 Rf2+ 54.
Kb3 h5 55.Rxb7 f3 56.Rd7+ Ke4 57.Rxa7 Rf1 58.Re7+ Kf5 59.Rf7+ Kg4 60.Ka4 
Re1 61.b5 Kg3 1-0

[Event "Torneo Citta' di Milano A"]
[Site "Milano ITA"]
[Date "2007.05.19"]
[Round "3"]
[White "Rozzoni, Davide"]
[Black "Zampar, Andrea"]
[Result "1-0"]
[WhiteElo "1765"]
[BlackElo "1502"]
[PlyCount "73"]
[EventDate "2007.05.18"]

1.g3 Nf6 2.Bg2 d5 3.d3 e5 4.Nd2 Be7 5.a3 O-O 6.b3 c6 7.Bb2 Qc7 8.e3 Re8 9.
Ne2 Nbd7 10.h3 Bd6 11.e4 a6 12.O-O b6 13.Nc3 Bb7 14.Re1 Rad8 15.Qb1 Qb8 
16.Qa2 Qa8 17.Rad1 Bc7 18.b4 b5 19.Ne2 Nb6 20.Nc3 d4 21.Ne2 Na4 22.Nb3 Bb6
23.Bc1 Qa7 24.Rf1 a5 25.bxa5 Bxa5 26.Nxa5 Qxa5 27.Bd2 Nc3 28.Nxc3 dxc3 29.
Be3 Ra8 30.Bc5 b4 31.Be3 Qxa3 32.Qc4 Qb2 33.Rb1 Qxc2 34.Rfc1 Qe2 35.Bf1 
Qa2 36.Qxb4 c2 37.Rb2 1-0

[Event "Torneo Citta' di Milano A"]
[Site "Milano ITA"]
[Date "2007.05.19"]
[Round "3"]
[White "Zacco, Remo"]
[Black "Martinez, Rolly"]
[Result "0-1"]
[WhiteElo "2011"]
[BlackElo "2422"]
[PlyCount "106"]
[EventDate "2007.05.18"]

1.e4 c5 2.Nf3 Nc6 3.Bb5 e6 4.O-O Nge7 5.Re1 a6 6.Bf1 d5 7.exd5 Nxd5 8.c3 
Be7 9.d4 O-O 10.Ne5 cxd4 11.Nxc6 bxc6 12.Qxd4 c5 13.Qd1 Bb7 14.c4 Nb4 15.
Qxd8 Rfxd8 16.Na3 Bf6 17.Be2 Rd7 18.Kf1 Rad8 19.f3 h5 20.Rb1 Nxa2 21.Be3 
Bd4 22.Bg5 f6 23.Bh4 g5 24.Bf2 Nb4 25.Red1 h4 26.Be1 a5 27.Bd2 g4 28.Nb5 
h3 29.Nxd4 hxg2+ 30.Kxg2 Rxd4 31.Bxb4 gxf3+ 32.Bxf3 Bxf3+ 33.Kxf3 Rxd1 34.
Rxd1 Rxd1 35.Bxa5 Rc1 36.Bc3 Kf7 37.h4 Kg6 38.Kg4 f5+ 39.Kf4 Rxc3 40.bxc3 
Kh5 41.Ke5 Kxh4 42.Kxe6 f4 43.Kd5 f3 44.Kxc5 f2 45.Kd6 f1=Q 46.c5 Qf8+ 47.
Kd5 Qc8 48.Kd6 Qd8+ 49.Ke6 Qc7 50.Kd5 Qd7+ 51.Ke5 Kg5 52.c4 Qc6 53.Kd4 Kf4
0-1

[Event "Torneo Citta' di Milano A"]
[Site "Milano ITA"]
[Date "2007.05.20"]
[Round "4"]
[White "Astengo, Marcello"]
[Black "Chinnici, Giorgio"]
[Result "0-1"]
[WhiteElo "2061"]
[BlackElo "1727"]
[PlyCount "122"]
[EventDate "2007.05.18"]

1.d4 d5 2.c4 c6 3.Nc3 Nf6 4.Nf3 e6 5.Bg5 Nbd7 6.e3 Qa5 7.cxd5 Nxd5 8.Qb3 
Bb4 9.Rc1 O-O 10.Be2 Nxc3 11.bxc3 Bd6 12.O-O e5 13.e4 Qb6 14.Qc2 Re8 15.
Bc4 h6 16.Bh4 Nf8 17.Nxe5 Bxe5 18.dxe5 Ng6 19.Bg3 Nxe5 20.Be2 Qc5 21.Kh1 
Be6 22.c4 Rad8 23.Qc3 Bg4 24.f3 Bc8 25.Bf2 Qe7 26.Bxa7 c5 27.Bb6 Rd4 28.
Rcd1 Rxd1 29.Rxd1 Nd7 30.Bc7 Qf6 31.Qc2 Nf8 32.Qa4 Qe6 33.Qa5 Nd7 34.h3 
Qa6 35.Rd6 Qxa5 36.Bxa5 Re6 37.Rxe6 fxe6 38.Kh2 b6 39.Bc3 Bb7 40.Kg3 Kf7 
41.Kf4 Kg6 42.Be5 Bc6 43.Bc7 Ba4 44.Bd3 Kf6 45.e5+ Kf7 46.Be4 Ke7 47.Kg4 
Ke8 48.Kh5 Kf7 49.Bg6+ Kg8 50.Kh4 b5 51.cxb5 Bxb5 52.Bd6 c4 53.f4 Nb6 54.
Bc2 Nd5 55.g3 Ne3 56.Be4 c3 57.g4 Ba4 58.Bc5 Nc4 59.Bd3 c2 60.Bxc4 c1=Q 
61.Bxe6+ Kh8 0-1

[Event "Torneo Citta' di Milano A"]
[Site "Milano ITA"]
[Date "2007.05.20"]
[Round "4"]
[White "D'Alessio, Angelo"]
[Black "Baccarin, Stefano"]
[Result "1-0"]
[WhiteElo "1440"]
[BlackElo "1667"]
[PlyCount "71"]
[EventDate "2007.05.18"]

1.d4 Nf6 2.c4 g6 3.Nc3 Bg7 4.e4 d6 5.Nf3 O-O 6.Be2 e5 7.O-O Nc6 8.d5 Ne7 
9.Ne1 Nd7 10.b4 f5 11.f3 f4 12.Nd3 g5 13.c5 a6 14.Ba3 b5 15.Bb2 Nf6 16.a4 
bxa4 17.Rxa4 Rb8 18.Nf2 h5 19.Ba3 Qe8 20.Bxa6 g4 21.Bxc8 Qxc8 22.b5 Ng6 
23.Rc4 Qd7 24.cxd6 cxd6 25.Rc6 Ne8 26.fxg4 f3 27.gxf3 hxg4 28.Nxg4 Nh4 29.
Kh1 Qf7 30.Bxd6 Nxd6 31.Rxd6 Nxf3 32.Nh6+ Bxh6 33.Rxh6 Qf4 34.Rh3 Qe3 35.
Rhxf3 Rxf3 36.Qxf3 1-0

[Event "Torneo Citta' di Milano A"]
[Site "Milano ITA"]
[Date "2007.05.20"]
[Round "4"]
[White "Ferraris, Fulvio"]
[Black "Margstahler, Francesco"]
[Result "1-0"]
[WhiteElo "1739"]
[BlackElo "1684"]
[PlyCount "72"]
[EventDate "2007.05.18"]

1.d4 d5 2.c4 e6 3.Nf3 Nf6 4.a3 Be7 5.Nc3 O-O 6.Bg5 h6 7.Bxf6 Bxf6 8.e3 b6 
9.cxd5 exd5 10.Qc2 Be6 11.Bd3 Qe7 12.Rd1 Nd7 13.Bh7+ Kh8 14.Bf5 c6 15.Bxe6
Qxe6 16.Ne2 Rfc8 17.h4 Nf8 18.Nf4 Qe7 19.g4 Qe4 20.Qxe4 dxe4 21.Nd2 g5 22.
Nh5 Be7 23.hxg5 hxg5 24.Nxe4 Kg8 25.Nhg3 Re8 26.Ke2 Bd8 27.Rh6 Re6 28.Rdh1
Rxh6 29.Rxh6 Rc8 30.Nf5 Rc7 31.Rd6 Rc8 32.Nf6+ Bxf6 33.Rxf6 Rc7 34.Rxc6 
Rd7 35.Ng3 Ne6 36.Ne4 Rxd4 1-0

[Event "Torneo Citta' di Milano A"]
[Site "Milano ITA"]
[Date "2007.05.20"]
[Round "4"]
[White "Giannini, Mario"]
[Black "Bracci, Andrea"]
[Result "1/2-1/2"]
[WhiteElo "1780"]
[BlackElo "1440"]
[PlyCount "120"]
[EventDate "2007.05.18"]

1.e4 c5 2.Nf3 e6 3.d4 cxd4 4.Nxd4 Nf6 5.Nc3 d6 6.Bc4 a6 7.Bb3 Be7 8.f4 Qc7
9.O-O Nc6 10.f5 Nxd4 11.Qxd4 O-O 12.Qd3 Ng4 13.Qg3 Nf6 14.Bh6 Ne8 15.Bxg7 
Nxg7 16.f6 Bxf6 17.Rxf6 Qc5+ 18.Kh1 b5 19.Rh6 f6 20.Rf1 Qg5 21.Qh3 Rf7 22.
Rxh7 Kf8 23.Rh8+ Ke7 24.Nd5+ exd5 25.Rxc8 Ra7 26.Bxd5 Rf8 27.Rxf8 Kxf8 28.
Qa3 Ne8 29.Bc6 Qe5 30.Bxe8 Kxe8 31.Qe3 Rh7 32.Qf4 Ke7 33.Qxe5+ dxe5 34.g3 
Ke6 35.Kg2 Rd7 36.Rf2 Kf7 37.c3 Kg6 38.g4 Rd3 39.h4 Re3 40.Rd2 Rxe4 41.Kf3
Rf4+ 42.Kg3 Re4 43.Rd6 a5 44.g5 Rf4 45.gxf6 Rxf6 46.Rd5 b4 47.Rxe5 bxc3 
48.bxc3 Rc6 49.Re3 a4 50.Kf2 Kh5 51.Ke2 Kxh4 52.Kd2 Kg5 53.Re4 Ra6 54.a3 
Kf5 55.Rd4 Ke5 56.Kd3 Ra8 57.c4 Rb8 58.Rd5+ Ke6 59.Rb5 Rxb5 60.cxb5 Kd5 
1/2-1/2

[Event "Torneo Citta' di Milano A"]
[Site "Milano ITA"]
[Date "2007.05.20"]
[Round "4"]
[White "Madaschi, Sergio"]
[Black "Mariucci, Felice"]
[Result "1/2-1/2"]
[WhiteElo "1511"]
[BlackElo "1649"]
[PlyCount "84"]
[EventDate "2007.05.18"]

1.e4 e5 2.Nf3 Nc6 3.Bc4 Be7 4.Nc3 Nf6 5.O-O d6 6.h3 O-O 7.d4 exd4 8.Nxd4 
Ne5 9.Be2 c6 10.f4 Ng6 11.Nf3 b5 12.a3 Nd7 13.Be3 Nb6 14.Qd2 Qc7 15.b3 Bb7
16.Bd3 Bf6 17.Bd4 Nd7 18.Rae1 a6 19.Kh1 Rfe8 20.Rf2 Nh4 21.Bxf6 Nxf3 22.
Rxf3 Nxf6 23.Rfe3 Qa5 24.Nb1 Qc7 25.Nc3 c5 26.e5 dxe5 27.fxe5 Nd7 28.e6 
fxe6 29.Rxe6 Rxe6 30.Rxe6 Nf6 31.Re3 Qd7 32.Qe2 Qd4 33.Ne4 Nd5 34.Rg3 Re8 
35.Qg4 Ne3 36.Rxe3 Qxe3 37.Nf6+ Kf7 38.Nxe8 Qxe8 39.Bxh7 Qe1+ 40.Kh2 Qe5+ 
41.Kh1 Qe1+ 42.Kh2 Qe5+ 1/2-1/2

[Event "Torneo Citta' di Milano A"]
[Site "Milano ITA"]
[Date "2007.05.20"]
[Round "4"]
[White "Marchesotti, Giovanni"]
[Black "Carbone, Lorenzo"]
[Result "1/2-1/2"]
[WhiteElo "1590"]
[BlackElo "1820"]
[PlyCount "37"]
[EventDate "2007.05.18"]

1.c4 c5 2.Nc3 Nc6 3.Nf3 Nf6 4.g3 d6 5.Bg2 e6 6.e4 Be7 7.O-O O-O 8.d4 cxd4 
9.Nxd4 Nxd4 10.Qxd4 e5 11.Qd3 Be6 12.Nd5 Rc8 13.Be3 b6 14.h3 Qd7 15.Nxe7+ 
Qxe7 16.b3 h6 17.f4 Rfd8 18.f5 Bd7 19.Rad1 1/2-1/2

[Event "Torneo Citta' di Milano A"]
[Site "Milano ITA"]
[Date "2007.05.20"]
[Round "4"]
[White "Martinez, Rolly"]
[Black "Rossi, Giampiero"]
[Result "1-0"]
[WhiteElo "2422"]
[BlackElo "2010"]
[PlyCount "62"]
[EventDate "2007.05.18"]

1.e4 c5 2.Nf3 e6 3.d4 cxd4 4.Nxd4 a6 5.Bd3 Nc6 6.Nxc6 dxc6 7.Nd2 e5 8.Qh5 
Bd6 9.Nc4 Bc7 10.Bg5 Nf6 11.Qe2 Be6 12.O-O-O Qe7 13.Kb1 O-O-O 14.f3 h6 15.
Bh4 g5 16.Bf2 Nd7 17.Ne3 Bb6 18.Bxa6 Bxe3 19.Bxe3 Nc5 20.Bc4 Rxd1+ 21.Rxd1
Rd8 22.Rh1 Qd6 23.a3 Bxc4 24.Qxc4 Ne6 25.h4 b5 26.Qe2 Kb7 27.hxg5 hxg5 28.
Qe1 f6 29.Qa5 Rd7 30.Qa7+ Kc8 31.Qa8+ Kc7 1-0

[Event "Torneo Citta' di Milano A"]
[Site "Milano ITA"]
[Date "2007.05.20"]
[Round "4"]
[White "Melino, Gianluca"]
[Black "Brighenti, Alessandro"]
[Result "0-1"]
[WhiteElo "1643"]
[BlackElo "1597"]
[PlyCount "89"]
[EventDate "2007.05.18"]

1.d4 Nf6 2.Bg5 Ne4 3.Bf4 c5 4.f3 Qa5+ 5.c3 Nf6 6.d5 Qb6 7.Qc2 Nxd5 8.Bd2 
e5 9.e4 Nf6 10.Na3 Be7 11.Nc4 Qc7 12.a4 a5 13.Be2 d6 14.Nh3 O-O 15.Nf2 Be6
16.Bg5 Nh5 17.Be3 Nf4 18.Bxf4 exf4 19.Rd1 Nc6 20.Na3 Rad8 21.Nb5 Qb6 22.
O-O c4 23.Kh1 d5 24.exd5 Bxd5 25.Ne4 Ne5 26.Nd4 f5 27.Nf2 Bc5 28.Nh3 Nd3 
29.Bxd3 cxd3 30.Qxd3 Qh6 31.Nxf5 Qg6 32.Nd4 Qxd3 33.Rxd3 Bc4 34.Rfd1 Bxd3 
35.Rxd3 Rfe8 36.Kg1 Re1+ 37.Kf2 Rb1 38.Nxf4 Rxb2+ 39.Kg3 Bd6 40.Kg4 Bxf4 
41.Kxf4 Rxg2 42.Re3 Rf8+ 43.Ke5 Re8+ 44.Ne6 Kf7 45.Kf5 0-1

[Event "Torneo Citta' di Milano A"]
[Site "Milano ITA"]
[Date "2007.05.20"]
[Round "4"]
[White "Mileo, Pierpaolo"]
[Black "Corti, Filippo"]
[Result "1-0"]
[WhiteElo "1676"]
[BlackElo "1649"]
[PlyCount "125"]
[EventDate "2007.05.18"]

1.c4 Nf6 2.Nc3 g6 3.g3 Bg7 4.Bg2 d6 5.d4 O-O 6.Nf3 Nbd7 7.O-O c6 8.Qc2 Qc7
9.e4 e5 10.d5 cxd5 11.cxd5 b6 12.Re1 a5 13.Bf1 Ba6 14.Bxa6 Rxa6 15.Qe2 Nc5
16.Be3 Raa8 17.Bxc5 bxc5 18.Nb5 Qd7 19.a4 Nh5 20.Nd2 Nf6 21.Nc4 Ra6 22.Qd2
Qd8 23.Rad1 Nh5 24.f4 exf4 25.gxf4 Bh6 26.Rf1 Qh4 27.Qf2 Qe7 28.e5 Nxf4 
29.Qf3 dxe5 30.Rde1 Qg5+ 31.Kh1 Bg7 32.d6 Rd8 33.Rd1 f5 34.Nc7 Ra7 35.Nd5 
Ne6 36.Rg1 Qh4 37.Ne7+ Rxe7 38.dxe7 Qxe7 39.Rxd8+ Qxd8 40.Rd1 Qb8 41.Qc6 
Nd4 42.Qd5+ Kh8 43.Nxa5 h5 44.Qb7 Qd8 45.Nc6 Qh4 46.Ne7 Qg4 47.Rg1 Qf3+ 
48.Qxf3 Nxf3 49.Nc6 Nxg1 50.a5 e4 51.Kxg1 Bd4+ 52.Nxd4 cxd4 53.a6 d3 54.a7
d2 55.a8=Q+ Kh7 56.Qa7+ Kg8 57.Qb8+ Kh7 58.Qc7+ Kh6 59.Qf4+ g5 60.Qd6+ Kg7
61.Qxd2 Kf6 62.Qd6+ Kg7 63.Qe5+ 1-0

[Event "Torneo Citta' di Milano A"]
[Site "Milano ITA"]
[Date "2007.05.20"]
[Round "4"]
[White "Patrucco, Carlo"]
[Black "Di Chiara, Mauro"]
[Result "1-0"]
[WhiteElo "1685"]
[BlackElo "1794"]
[PlyCount "41"]
[EventDate "2007.05.18"]

1.e4 d6 2.d4 Nf6 3.Nc3 c6 4.f4 Qa5 5.Bd3 Bg4 6.Nf3 e5 7.dxe5 dxe5 8.f5 Bc5
9.h3 Bxf5 10.exf5 e4 11.Bxe4 Nxe4 12.Qe2 Kd8 13.Bg5+ f6 14.O-O-O+ Nd6 15.
Bf4 Re8 16.Qd3 Na6 17.Bxd6 Nb4 18.Qc4 Bxd6 19.Rxd6+ Kc7 20.Rhd1 Nd5 21.
R6xd5 1-0

[Event "Torneo Citta' di Milano A"]
[Site "Milano ITA"]
[Date "2007.05.20"]
[Round "4"]
[White "Rozzoni, Davide"]
[Black "Martelli, Tommaso"]
[Result "0-1"]
[WhiteElo "1765"]
[BlackElo "1808"]
[PlyCount "58"]
[EventDate "2007.05.18"]

1.g3 e5 2.c3 Nf6 3.Nh3 d5 4.Bg2 Bf5 5.f3 Qd7 6.Nf2 Nc6 7.e3 Bd6 8.d3 h5 9.
b3 h4 10.g4 Bg6 11.Ba3 O-O-O 12.Bxd6 Qxd6 13.Bh3 Kb8 14.O-O Nh7 15.b4 Ng5 
16.Bg2 h3 17.Bh1 f5 18.Nd2 f4 19.Re1 d4 20.exd4 exd4 21.b5 Ne5 22.Nfe4 
Bxe4 23.Nxe4 Nxe4 24.fxe4 dxc3 25.Rc1 Nxd3 26.Qf3 Nxe1 27.Rxe1 Qd2 28.Re2 
c2 29.e5 c1=Q+ 0-1

[Event "Torneo Citta' di Milano A"]
[Site "Milano ITA"]
[Date "2007.05.20"]
[Round "4"]
[White "Stips, Felix"]
[Black "Arboscelli, Gregorio"]
[Result "1-0"]
[WhiteElo "2029"]
[BlackElo "1899"]
[PlyCount "65"]
[EventDate "2007.05.18"]

1.e4 e6 2.d4 d5 3.Nc3 Bb4 4.e5 b6 5.a3 Bf8 6.f4 Ne7 7.Nf3 h5 8.Be3 Nf5 9.
Bf2 Ba6 10.Bxa6 Nxa6 11.Qe2 Nb8 12.O-O-O Nc6 13.g3 Na5 14.h3 Nc4 15.Nd2 
Nxd2 16.Kxd2 c6 17.g4 hxg4 18.hxg4 Rxh1 19.Rxh1 Nh6 20.Nd1 Rc8 21.Ne3 Qd7 
22.c3 c5 23.Qd3 cxd4 24.cxd4 Be7 25.Bh4 Bxh4 26.Rxh4 Qc7 27.Rh1 Qe7 28.g5 
Ng8 29.Rh8 Kd7 30.Qh7 Nf6 31.gxf6 Rxh8 32.Qxh8 gxf6 33.Qxf6 1-0

[Event "Torneo Citta' di Milano A"]
[Site "Milano ITA"]
[Date "2007.05.20"]
[Round "4"]
[White "Torelli, Mauro"]
[Black "Zacco, Remo"]
[Result "0-1"]
[WhiteElo "1634"]
[BlackElo "2011"]
[PlyCount "136"]
[EventDate "2007.05.18"]

1.d4 d6 2.Nf3 f5 3.e3 Nf6 4.Nbd2 e6 5.Bc4 Be7 6.Ng5 d5 7.Be2 c6 8.Ndf3 Ng4
9.h4 h6 10.Nh3 Bxh4 11.Ne5 Nxe5 12.dxe5 O-O 13.g3 Be7 14.Nf4 Qc7 15.Ng6 
Rd8 16.b3 Bb4+ 17.Bd2 Qa5 18.Bxb4 Qxb4+ 19.Kf1 Nd7 20.a3 Qc3 21.Qd4 Qxd4 
22.exd4 Nf8 23.Bh5 Bd7 24.Nf4 Be8 25.Bf3 a5 26.Ke2 Rac8 27.Rac1 c5 28.c3 
cxd4 29.cxd4 Bb5+ 30.Ke3 a4 31.b4 Bc4 32.Rc3 b5 33.Rhc1 Kf7 34.g4 g5 35.
Nd3 f4+ 36.Kd2 Nd7 37.Nb2 Nb6 38.Nd3 Rc7 39.Nc5 Rdc8 40.Na6 Ra7 41.Nc5 Rh8
42.Rh1 Nc8 43.Rh2 Ne7 44.Be2 Bxe2 45.Kxe2 Ng6 46.f3 Nh4 47.Kf2 Rc7 48.Rc1 
h5 49.Rg1 Re7 50.Nd3 Nxf3 51.Kxf3 hxg4+ 52.Kg2 Rxh2+ 53.Kxh2 g3+ 54.Kg2 
Kg6 55.Rh1 Kf5 56.Rh5 Kg4 57.Rh8 f3+ 58.Kg1 Rc7 59.Nc5 Rf7 60.Nd3 f2+ 61.
Nxf2+ gxf2+ 62.Kf1 Kg3 63.Rc8 Rf3 64.Rg8 g4 65.Rc8 Re3 66.Rc1 Kf3 67.Rc3 
Kf4 68.Rc1 g3 0-1

[Event "Torneo Citta' di Milano A"]
[Site "Milano ITA"]
[Date "2007.05.20"]
[Round "4"]
[White "Travaglini, Renzo"]
[Black "Sciarra, Giuseppe"]
[Result "1-0"]
[WhiteElo "1616"]
[BlackElo "1568"]
[PlyCount "80"]
[EventDate "2007.05.18"]

1.e4 c5 2.Nf3 Nc6 3.c3 d6 4.d4 cxd4 5.cxd4 e6 6.Bc4 a6 7.O-O Nf6 8.d5 Ne5 
9.Nxe5 dxe5 10.dxe6 Bxe6 11.Bxe6 fxe6 12.Qb3 Qc8 13.Nc3 Be7 14.Bg5 O-O 15.
Rac1 Qe8 16.Qxe6+ Qf7 17.Qxf7+ Rxf7 18.Bxf6 Bxf6 19.Nd5 Bh4 20.g3 Bf6 21.
Rfd1 Raf8 22.Rc7 Rxc7 23.Nxc7 Rd8 24.Nd5 Kf7 25.Kf1 Rd6 26.Rc1 Rc6 27.Rxc6
bxc6 28.Nb4 Ke6 29.Nxc6 Kd6 30.Nb4 a5 31.Nd3 Kc6 32.a4 h5 33.Ke2 g5 34.h3 
Bg7 35.f3 Bf6 36.Kd2 Bg7 37.Kc3 Bf6 38.Kc4 Bg7 39.b4 axb4 40.Nxb4+ Kb6 1-0

[Event "Torneo Citta' di Milano A"]
[Site "Milano ITA"]
[Date "2007.05.20"]
[Round "4"]
[White "Villalba, Fernando"]
[Black "Franzini, Stefano"]
[Result "0-1"]
[WhiteElo "1896"]
[BlackElo "1640"]
[PlyCount "112"]
[EventDate "2007.05.18"]

1.d4 d5 2.Nf3 Nf6 3.Bf4 e6 4.h3 c5 5.c3 b6 6.e3 Bd6 7.Ne5 Nbd7 8.Nxf7 Kxf7
9.Bxd6 Ne4 10.Bg3 Rf8 11.Be2 Kg8 12.O-O Bb7 13.Nd2 Nxg3 14.fxg3 Qg5 15.
Rxf8+ Rxf8 16.Nf1 e5 17.a4 a6 18.Bf3 e4 19.Be2 Nf6 20.a5 c4 21.axb6 Nd7 
22.b3 Nxb6 23.bxc4 dxc4 24.Rb1 Qf6 25.Bxc4+ Nxc4 26.Rxb7 Qf2+ 27.Kh2 Qxf1 
28.Qg4 Qf6 29.Qxe4 Nd6 30.Qd5+ Kh8 31.Rb6 Rd8 32.Rxa6 Qe7 33.e4 Qxe4 34.
Qa5 Qe8 35.Qe5 Qxe5 36.dxe5 Ne4 37.c4 Re8 38.Ra5 Rc8 39.e6 Kg8 40.Re5 Nf6 
41.c5 Kf8 42.g4 Ke7 43.Kg3 Rc6 44.g5 Ne8 45.Kf4 Nc7 46.Kf5 g6+ 47.Ke4 Nxe6
48.g4 Rxc5 49.h4 Kd6 50.Rxc5 Nxc5+ 51.Kf4 Ke6 52.h5 Kd5 53.hxg6 hxg6 54.
Ke3 Ne6 55.Kf3 Ke5 56.Kg3 Nxg5 0-1

[Event "Torneo Citta' di Milano A"]
[Site "Milano ITA"]
[Date "2007.05.20"]
[Round "4"]
[White "Zampar, Andrea"]
[Black "Didoni, Renato"]
[Result "0-1"]
[WhiteElo "1502"]
[BlackElo "2043"]
[PlyCount "52"]
[EventDate "2007.05.18"]

1.d4 f5 2.Nf3 Nf6 3.Bf4 Nh5 4.Qd2 Nxf4 5.Qxf4 e6 6.h4 Be7 7.e4 O-O 8.e5 
Kh8 9.Nbd2 b6 10.Qh2 Bb7 11.g3 c5 12.Bg2 Qc7 13.O-O-O cxd4 14.Nb3 Nc6 15.
Rhe1 Bc5 16.Nfxd4 Ba6 17.Nxc5 bxc5 18.Nxc6 dxc6 19.Rd6 Qa5 20.Re3 Qxa2 21.
Ra3 Qc4 22.Qh1 Qe2 23.Re3 Qxf2 24.Rf3 Qe2 25.Rxe6 Bc4 26.Bf1 Qe1# 0-1

[Event "Torneo Citta' di Milano A"]
[Site "Milano ITA"]
[Date "2007.05.20"]
[Round "5"]
[White "Arboscelli, Gregorio"]
[Black "Astengo, Marcello"]
[Result "0-1"]
[WhiteElo "1899"]
[BlackElo "2061"]
[PlyCount "50"]
[EventDate "2007.05.18"]

1.d4 d5 2.c4 e6 3.Nc3 c6 4.cxd5 exd5 5.Nf3 Nf6 6.Qc2 Nbd7 7.Bg5 h6 8.Bh4 
Bd6 9.e3 O-O 10.Bd3 Re8 11.O-O Nf8 12.Rab1 Bg4 13.Be2 Rc8 14.b4 Qe7 15.Qb3
N8d7 16.Bg3 Bxg3 17.hxg3 Ne4 18.Qc2 Ndf6 19.Ne5 Nxc3 20.Bxg4 Nxg4 21.Qxc3 
Nxe5 22.dxe5 Qxe5 23.Rfc1 Qxc3 24.Rxc3 Re4 25.Rbc1 Rxb4 0-1

[Event "Torneo Citta' di Milano A"]
[Site "Milano ITA"]
[Date "2007.05.20"]
[Round "5"]
[White "Bracci, Andrea"]
[Black "Rozzoni, Davide"]
[Result "0-1"]
[WhiteElo "1440"]
[BlackElo "1765"]
[PlyCount "76"]
[EventDate "2007.05.18"]

1.f4 b5 2.Nf3 Bb7 3.e3 a6 4.b3 g6 5.Bb2 f6 6.Be2 Nh6 7.O-O Bg7 8.d3 O-O 9.
Nbd2 Nf5 10.Bd4 Nxd4 11.exd4 f5 12.Rc1 Nc6 13.c3 b4 14.Ne5 bxc3 15.Ndf3 
Nb4 16.Qe1 Nd5 17.Qh4 Qe8 18.Ng5 h6 19.Nh3 d6 20.Nf3 e6 21.Qf2 Qe7 22.a3 
a5 23.Rfe1 Bf6 24.Bf1 Kf7 25.Kh1 g5 26.fxg5 hxg5 27.Qe2 g4 28.Nfg5+ Bxg5 
29.Qxe6+ Kg7 30.Nxg5 Qxg5 31.Qd7+ Rf7 32.Qb5 Rh8 33.g3 Ba8 34.Bg2 Qh6 35.
h4 f4 36.Bxd5 fxg3 37.Rc2 Qxh4+ 38.Kg1 g2 0-1

[Event "Torneo Citta' di Milano A"]
[Site "Milano ITA"]
[Date "2007.05.20"]
[Round "5"]
[White "Brighenti, Alessandro"]
[Black "Giannini, Mario"]
[Result "0-1"]
[WhiteElo "1597"]
[BlackElo "1780"]
[PlyCount "50"]
[EventDate "2007.05.18"]

1.e4 c5 2.Nc3 e6 3.g3 Nc6 4.Bg2 Nf6 5.f4 d5 6.e5 Nd7 7.Nf3 Be7 8.d3 O-O 9.
Qe2 a6 10.O-O f6 11.exf6 Nxf6 12.Bd2 Re8 13.Rae1 Bd6 14.Qf2 Nb4 15.Bc1 d4 
16.Ne4 Nxa2 17.Nxd6 Qxd6 18.Bd2 Ng4 19.Qe2 Nb4 20.Ne5 Nf6 21.Nc4 Qc7 22.
Bxb4 cxb4 23.g4 Bd7 24.g5 Nd5 25.Qh5 Nxf4 0-1

[Event "Torneo Citta' di Milano A"]
[Site "Milano ITA"]
[Date "2007.05.20"]
[Round "5"]
[White "Carbone, Lorenzo"]
[Black "Torelli, Mauro"]
[Result "1-0"]
[WhiteElo "1820"]
[BlackElo "1634"]
[PlyCount "59"]
[EventDate "2007.05.18"]

1.e4 b6 2.d4 e6 3.Nf3 Bb7 4.Bd3 g6 5.c4 d6 6.O-O Bg7 7.Nc3 a6 8.Re1 Ne7 9.
Bf4 Nd7 10.Rc1 h6 11.Qe2 g5 12.Be3 Ng6 13.h3 Nf4 14.Bxf4 gxf4 15.Qd2 h5 
16.Rcd1 Bh6 17.Qe2 Qe7 18.e5 O-O-O 19.c5 dxc5 20.Bxa6 Nb8 21.Bxb7+ Kxb7 
22.Qe4+ c6 23.Nb5 Ka6 24.Nd6 f5 25.Qd3+ b5 26.dxc5 Rxd6 27.exd6 Qf7 28.
Qa3+ Kb7 29.Qa5 Nd7 30.Qc7+ 1-0